| 000 | 00413nam a22001697a 4500 | ||
|---|---|---|---|
| 999 |
_c10976 _d10976 |
||
| 003 | OSt | ||
| 008 | 210814b ||||| |||| 00| 0 eng d | ||
| 020 | _a9789389053364 | ||
| 082 |
_a928.21 _bFIG |
||
| 100 | G | _aTAGORE, Rabindranath | |
| 245 | _aGreatest Works of Rabindranath Tagore | ||
| 250 | _aRep | ||
| 260 |
_aNew Delhi _bFingerprint Pub. _c2021 |
||
| 300 | _a670 | ||
| 650 | _aBiography | ||
| 942 |
_2ddc _cBK |
||